000 00833nam a2200253 a 4500
001 68428
003 BD-RjUL
005 20211209081755.0
008 170403r19481947ncua 001 0 eng d
035 _a(BD-RjUL)68638
040 _aDLC
_cFMU
_dOCoLC
_dDLC
_d(BD-RjUL)
_beng
041 _aeng
082 _223
_a633
_bCOG 1948
100 1 _aCombs, Joseph F.
_q(Joseph Franklin),
_d1892-
_9202866
245 1 0 _aGrowing pastures in the South /
_cby Joseph F. Combs.
260 _aChapel Hill :
_bThe University of North Carolina press,
_c1948
300 _aix, 270 p. :
_bill. ;
_c21 cm.
500 _a"References" at end of each chapter except the last two.
650 0 _aForage plants
_9202867
650 0 _aGrasses.
_9201736
650 0 _aForage plants.
_9201938
650 0 _aAgriculture
_zSouthern States.
_9202868
942 _2ddc
_cBK
999 _c68428
_d68428